[Event "83rd ESP-ch Women-ch 2018"]
[Site "Linares"]
[Date "2018.08.25"]
[Round "6"]
[White "Ramos Saavedra, Mario"]
[Black "Mohamed Garcia, Ismael"]
[Result "1-0"]
[WhiteElo "1981"]
[BlackElo "1814"]
[TimeControl "5400+30"]
[Annotator "NA RC"]
[EventDate "2018.08.20"]
[PlyCount "87"]
[EventType "swiss"]
[EventCountry "ESP"]

1. e4 e5 2. Nf3 d6 3. d4 exd4 4. Nxd4 Nf6 5. Nc3 Be7 6. Bf4 O-O 7. Qd2 Nc6
8. O-O-O Nxd4 9. Qxd4 Nh5 10. Be3 Be6 11. Kb1 Nf6 12. f3 Nd7 13. g4 Bf6 14.
Qd2 Ne5 15. Be2 Bc4 16. g5 Bxe2 17. Qxe2 Be7 18. h4 Qd7 19. Rdg1 b5 20. f4
Nc4 21. Bc1 Qc6 22. b3 Na3+ 23. Bxa3 Qxc3 24. Qxb5 Rfb8 25. Qd3 Qa5 26. Bb2
c5 27. Qc3 Qxc3 28. Bxc3 Bf8 29. Rh2 Re8 30. Re1 g6 31. Kb2 Rab8 32. Rd2
Rbd8 33. Rd5 h5 34. gxh6 Bxh6 35. f5 Kh7 36. fxg6+ fxg6 37. h5 gxh5 38.
Rxh5 Kg6 39. Rf5 Rf8 40. Rg1+ Kh7 41. Rh5 Rg8 42. Rgh1 Kg6 43. Rxh6+ Kg5
44. Bf6+ 1-0

[Event "83rd ESP-ch Women-ch 2018"]
[Site "Linares"]
[Date "2018.08.25"]
[Round "6"]
[White "Rodriguez Redondo, Adhara"]
[Black "Sosa Suarez, Carla Cristina"]
[Result "0-1"]
[WhiteElo "1909"]
[BlackElo "2006"]
[TimeControl "5400+30"]
[Annotator "NA RC"]
[EventDate "2018.08.20"]
[PlyCount "108"]
[EventType "swiss"]
[EventCountry "ESP"]

1. e4 e5 2. Nf3 Nc6 3. Bc4 Nf6 4. d3 Bc5 5. c3 a5 6. O-O d6 7. Bb3 O-O 8.
Nbd2 h6 9. h3 Be6 10. Bc2 Qb8 11. Re1 Qa7 12. Qe2 Rfe8 13. Nf1 Rad8 14. Nh4
d5 15. Qf3 Nh7 16. Ng3 Ng5 17. Bxg5 hxg5 18. Nhf5 g6 19. Ne3 Ne7 20. Qf6 d4
21. cxd4 exd4 22. Ng4 Bxg4 23. hxg4 Rd6 24. Qxg5 f6 25. Qh6 a4 26. Kh2 Rf8
27. Rh1 Kf7 28. Kg1 Rdd8 29. Qh7+ Ke6 30. f4 Qa5 31. Rd1 Bd6 32. Ne2 c5 33.
g5 Rf7 34. Qh3+ f5 35. Qf3 Bc7 36. Kf2 Kd7 37. exf5 Rxf5 38. Rh7 Re8 39. g4
Rff8 40. Qd5+ Bd6 41. Qxb7+ Kd8 42. Qf3 Qa6 43. b3 Qc6 44. Qxc6 Nxc6 45.
Rg7 Nb4 46. Rd2 Re3 47. Ra7 Bxf4 48. Ra8+ Bb8+ 49. Kg2 Kc7 50. Rxa4 Nd5 51.
Rc4 Kb6 52. Bb1 Ref3 53. Rc1 Ne3+ 54. Kg1 Rf1+ 0-1

[Event "83rd ESP-ch Women-ch 2018"]
[Site "Linares"]
[Date "2018.08.25"]
[Round "6"]
[White "Amoros Moran, Jose Joaquin"]
[Black "Blazquez Gomez, Miguel"]
[Result "0-1"]
[WhiteElo "1908"]
[BlackElo "1998"]
[TimeControl "5400+30"]
[Annotator "NA RC"]
[EventDate "2018.08.20"]
[PlyCount "84"]
[EventType "swiss"]
[EventCountry "ESP"]

1. e4 c5 2. Nf3 d6 3. d4 cxd4 4. Nxd4 Nf6 5. Nc3 g6 6. Be3 Bg7 7. f3 O-O 8.
Qd2 Nc6 9. g4 Ne5 10. O-O-O Be6 11. Bh6 Rc8 12. Bxg7 Kxg7 13. g5 Nh5 14. f4
Nc4 15. Nxe6+ fxe6 16. Qd4+ e5 17. fxe5 Nxe5 18. Qxa7 Qc7 19. Kb1 Nf4 20.
Qe3 Ne6 21. Be2 Qa5 22. h4 Rxc3 23. Qxc3 Qxc3 24. bxc3 Rc8 25. c4 Nc5 26.
Bd3 Rc6 27. Rdf1 Ra6 28. h5 gxh5 29. Rxh5 Ra8 30. Rfh1 Rh8 31. R1h3 Ne6 32.
Rg3 Nf4 33. Rh2 b6 34. Kb2 Rc8 35. Kb3 Ra8 36. a4 Ra5 37. Rf2 Ne6 38. Rh2
Nc5+ 39. Kb4 Rxa4+ 40. Kb5 Ra2 41. Bf1 Rb2+ 42. Rb3 Nxb3 0-1

[Event "83rd ESP-ch Women-ch 2018"]
[Site "Linares"]
[Date "2018.08.26"]
[Round "7"]
[White "Perez Candelario, Manuel"]
[Black "Alvarez Fernandez, Enrique"]
[Result "1/2-1/2"]
[WhiteElo "2611"]
[BlackElo "2324"]
[Annotator "TA"]
[EventDate "2018.08.09"]
[PlyCount "131"]
[EventType "tourn"]
[EventCountry "ESP"]

1. e4 e5 2. Nf3 Nf6 3. Nxe5 d6 4. Nf3 Nxe4 5. c4 Nc6 6. d3 Nf6 7. d4 d5 8.
c5 Be7 9. Bb5 Bd7 10. O-O O-O 11. Nc3 a6 12. Bxc6 $146 Bxc6 13. Ne5 Ne4 14.
Re1 Bf6 15. Nxc6 bxc6 16. Qd3 Ng5 17. Be3 Ne6 18. Ne2 Re8 19. b3 g6 20. g3
Qb8 21. Rad1 Qb5 22. Kg2 Qxd3 23. Rxd3 Bg7 24. Kf1 f5 25. f3 g5 26. g4 f4
27. Bf2 Kf7 $17 28. Nc1 Ke7 29. h4 h6 30. h5 $14 Kd7 31. Re2 Bf6 32. Ke1
Ng7 33. Rd2 Rxe2+ 34. Kxe2 Re8+ 35. Kd3 Kc8 36. Ne2 Ne6 37. Nc3 Kd7 38. b4
Rb8 39. a3 Be7 40. Re2 Ng7 41. Na2 Ne8 42. Nc1 Nf6 43. Kc3 Ng8 44. Kb3 Bf6
45. Nd3 Ne7 46. Re1 Bg7 47. Re2 Bf6 $1 48. Ne1 Bg7 49. Nc2 Bf6 50. Be1 Bg7
51. Bc3 Bf6 52. Na1 Rb7 53. Kc2 Rb8 54. Nb3 Rb7 55. Na5 Rb5 56. Kd3 Rxa5
57. bxa5 $16 Ng8 58. Re1 Ne7 59. a4 Ng8 60. Bb2 Ne7 61. Ba3 Ng8 62. Kc3 Ne7
63. Rb1 Kc8 64. Re1 Kd7 65. Rb1 Kc8 $1 66. Re1 $2 1/2-1/2

[Event "83rd ESP-ch Women-ch 2018"]
[Site "Linares"]
[Date "2018.08.26"]
[Round "7"]
[White "Santos Latasa, Jaime"]
[Black "Asis Gargatagli, Hipolito"]
[Result "1/2-1/2"]
[WhiteElo "2582"]
[BlackElo "2515"]
[Annotator "TA"]
[EventDate "2018.08.09"]
[PlyCount "66"]
[EventType "tourn"]
[EventCountry "ESP"]

1. c4 g6 2. d4 Nf6 3. g3 Bg7 4. Bg2 O-O 5. Nc3 d6 6. Nf3 c5 7. O-O Nc6 8.
d5 Na5 9. Nd2 e6 10. Qc2 exd5 11. cxd5 Re8 12. e4 Bd7 13. b3 b5 14. Bb2 Rc8
$146 15. Nd1 c4 16. b4 c3 17. Nxc3 Nc4 18. Nxc4 Rxc4 19. Qb3 a5 20. bxa5
Qxa5 21. Rac1 Rec8 22. Nb1 Nxe4 $17 23. Bxe4 Rxe4 24. Rxc8+ $11 Bxc8 25.
Bxg7 Kxg7 26. Qc3+ Qxc3 27. Nxc3 Rb4 28. a3 Rb3 29. Ne4 $1 Rd3 30. Nxd6 Bd7
31. Re1 Rxd5 32. Ne8+ Bxe8 33. Rxe8 Rd3 1/2-1/2

[Event "83rd ESP-ch Women-ch 2018"]
[Site "Linares"]
[Date "2018.08.26"]
[Round "7"]
[White "Santos Ruiz, Miguel"]
[Black "Aroshidze, Levan"]
[Result "1/2-1/2"]
[WhiteElo "2517"]
[BlackElo "2504"]
[Annotator "TA"]
[EventDate "2018.08.09"]
[PlyCount "102"]
[EventType "tourn"]
[EventCountry "ESP"]

1. e4 c5 2. Nf3 e6 3. d4 cxd4 4. Nxd4 a6 5. c4 Nf6 6. Nc3 Qc7 7. Be2 Bb4 8.
Nc2 Be7 9. Be3 d6 10. g4 $146 h6 11. h4 Nc6 12. Rg1 Nd7 13. g5 hxg5 14.
hxg5 g6 15. Qd2 b6 16. O-O-O Bb7 17. Rh1 O-O-O 18. Kb1 Kb8 19. Nd4 Nce5 20.
b3 Nc5 21. f3 Qc8 22. Kb2 Rxh1 23. Rxh1 Rh8 24. Rxh8 Qxh8 25. b4 Ncd7 26.
f4 Nc6 27. Nc2 Kc7 28. a3 Bf8 29. f5 gxf5 30. exf5 exf5 31. Kb3 Qh3 32.
Nd5+ Kc8 33. Ka2 Nce5 34. Nxb6+ Nxb6 35. Bxb6 Qg2 36. Be3 Bf3 37. Bxf3 Qxd2
38. Bxd2 Nxf3 $11 39. Bf4 Be7 40. Ne3 Bxg5 41. Bxg5 Nxg5 42. Nxf5 Kc7 43.
Kb3 Nf3 44. b5 d5 45. cxd5 axb5 46. Kb4 Kb6 $1 47. Nd6 Ne5 48. Nxb5 Nd3+
49. Kc3 Nf4 50. Kc4 Nxd5 51. Kxd5 Kxb5 1/2-1/2

[Event "83rd ESP-ch Women-ch 2018"]
[Site "Linares"]
[Date "2018.08.26"]
[Round "7"]
[White "Arizmendi Martinez, Julen Luis"]
[Black "Serarols Mabras, Bernat"]
[Result "1/2-1/2"]
[WhiteElo "2507"]
[BlackElo "2313"]
[Annotator "TA"]
[EventDate "2018.08.09"]
[PlyCount "59"]
[EventType "tourn"]
[EventCountry "ESP"]

1. e4 c6 2. d4 d5 3. exd5 cxd5 4. Nf3 Nf6 5. Bf4 Nc6 6. c3 g6 7. Ne5 Bg7 8.
Bb5 Bd7 9. Nxd7 Qxd7 10. O-O O-O 11. Re1 e6 $146 12. h3 Qd8 13. Nd2 Nh5 14.
Bh2 Qb6 15. Qa4 a6 $36 16. Bxc6 $1 bxc6 17. Nb3 Nf6 18. Qb4 Qa7 19. Qc5
Rfc8 20. Qxa7 Rxa7 21. Rac1 Nd7 22. c4 Raa8 23. cxd5 cxd5 24. Bc7 Ra7 25.
Bf4 Raa8 26. Rxc8+ Rxc8 27. Rc1 Rxc1+ 28. Bxc1 Kf8 29. Kf1 Ke7 30. Ke2
1/2-1/2

[Event "83rd ESP-ch Women-ch 2018"]
[Site "Linares"]
[Date "2018.08.26"]
[Round "7"]
[White "Huerga Leache, Mikel"]
[Black "Roldan Marques, Daniel"]
[Result "1-0"]
[WhiteElo "2451"]
[BlackElo "2161"]
[Annotator "TA"]
[EventDate "2018.08.09"]
[PlyCount "129"]
[EventType "tourn"]
[EventCountry "ESP"]

1. Nf3 d5 2. g3 Nf6 3. Bg2 b5 4. O-O Bb7 5. d3 Nbd7 6. Nbd2 e5 7. e4 dxe4
$146 8. Ng5 Nc5 9. Ngxe4 Nfxe4 10. Nxe4 Nxe4 11. Bxe4 Bxe4 12. dxe4 Qxd1
13. Rxd1 Rd8 14. Rxd8+ Kxd8 $14 15. a4 b4 $1 16. Be3 a6 $1 17. Rd1+ Bd6 18.
Bc5 Kc8 19. Rd5 Rd8 20. Kf1 f6 21. Bxd6 cxd6 $11 22. Ke2 Kd7 23. Kd3 Rc8
24. Ra5 Rc6 25. f4 g6 26. fxe5 dxe5 27. Rd5+ Ke6 28. Rd8 f5 29. Rb8 fxe4+
30. Kxe4 Rc4+ 31. Kd3 Rd4+ 32. Ke3 Rc4 33. h3 Kf5 34. Rf8+ Kg5 35. Kd2 Rd4+
36. Kc1 h5 37. Ra8 Rd6 38. Rb8 h4 39. Rxb4 hxg3 40. Rg4+ Kf5 41. Rxg3 e4
42. Rg1 Kf4 43. Rd1 Rb6 44. a5 Rb5 45. Rd6 Rxa5 46. Rxg6 Ke3 47. b4 Ra1+
48. Kb2 Rh1 $2 49. Rxa6 $18 Kd4 50. c3+ Kc4 51. Rc6+ Kd3 $2 52. Rd6+ Ke2
53. Rh6 $2 e3 $11 54. b5 Kd3 55. Rd6+ Kc4 56. Re6 Rxh3 57. b6 e2 $2 58. b7
$16 Rh8 59. Rxe2 Rb8 60. Re7 Kc5 61. Kb3 Kb5 62. Rf7 Rh8 $2 63. Rf4 Ka6 64.
Rb4 Ka7 65. b8=Q+ 1-0

[Event "83rd ESP-ch Women-ch 2018"]
[Site "Linares"]
[Date "2018.08.26"]
[Round "7"]
[White "Garriga Cazorla, Pere"]
[Black "Galiana Fernandez, Adrian"]
[Result "1-0"]
[WhiteElo "2444"]
[BlackElo "2291"]
[Annotator "TA"]
[EventDate "2018.08.09"]
[PlyCount "119"]
[EventType "tourn"]
[EventCountry "ESP"]

1. e4 e5 2. Nf3 Nc6 3. Bb5 a6 4. Ba4 Nf6 5. Bxc6 dxc6 6. d3 Nd7 7. Nbd2 g6
8. h4 Bg7 $146 9. h5 Nc5 10. Nc4 Qe7 11. Bg5 f6 12. Bd2 Bg4 13. Ne3 Be6 14.
Nh4 O-O-O 15. Qf3 Kb8 16. g3 Qf7 17. Bb4 Bf8 18. a3 Be7 19. O-O-O $11 b6
20. Qe2 a5 21. Bxc5 Bxc5 22. Kb1 Rhe8 23. Nc4 a4 24. f4 b5 25. Ne3 f5 26.
hxg6 hxg6 27. Nf3 exf4 28. gxf4 fxe4 29. Ne5 Ba2+ 30. Ka1 Rxe5 $1 31. fxe5
exd3 32. Rxd3 Re8 33. Rf1 $36 Qe6 34. Qg2 Bc4 $2 35. Nxc4 $18 bxc4 36. Rg3
Qd5 37. Rxg6 Rxe5 38. Qh3 Kb7 39. c3 Re2 40. Qf3 Re1+ 41. Ka2 Rxf1 42. Qxf1
Bd6 43. Rg4 Qd3 44. Qxd3 cxd3 45. Rxa4 c5 46. Kb1 Kc6 47. c4 Kb7 48. Kc1
Bf4+ 49. Kd1 Be5 $2 50. Ra5 c6 51. b4 Bd4 52. Kd2 Bg1 53. Kxd3 Bd4 54. a4
Bf2 55. b5 Be1 56. Ra6 cxb5 57. cxb5 Bb4 58. Kc4 Kc7 59. Rg6 Kb7 60. Rc6
1-0

[Event "83rd ESP-ch Women-ch 2018"]
[Site "Linares"]
[Date "2018.08.26"]
[Round "7"]
[White "Cruz Lledo, Pablo"]
[Black "Matnadze, Ana"]
[Result "1/2-1/2"]
[WhiteElo "2432"]
[BlackElo "2378"]
[Annotator "TA"]
[EventDate "2018.08.09"]
[PlyCount "93"]
[EventType "tourn"]
[EventCountry "ESP"]

1. d4 Nf6 2. g3 d5 3. Bg2 e6 4. Nf3 Be7 5. O-O O-O 6. b3 b6 7. Bb2 Bb7 8.
Ne5 Nbd7 9. Nd2 a5 10. c4 c5 11. cxd5 $146 exd5 12. Ndf3 a4 13. Qc2 a3 14.
Bc3 Ne4 15. Nxd7 Qxd7 16. Rad1 Rfc8 17. dxc5 $1 Nxc3 18. Qxc3 bxc5 19. Nd2
Qb5 20. Rfe1 Bf6 21. Qf3 Qb4 $15 22. Nb1 Bb2 23. Qf5 g6 24. Qd7 Rd8 $36 25.
Qe7 $17 Re8 26. Qc7 Be5 $19 27. Qd7 Rad8 28. Qh3 Bb2 29. Kf1 Kg7 30. Bf3 c4
31. Qh4 Bf6 32. Qf4 g5 33. Qc1 $2 cxb3 34. Rd2 b2 35. Qd1 Rc8 36. Rd3 Bc3
37. Nxc3 Rxc3 38. Qd2 Rc4 $2 39. Qxg5+ $11 Kf8 40. Qh6+ $1 Ke7 41. Rb3 Qxb3
$1 42. axb3 a2 43. Qg5+ Kf8 44. Qh6+ Ke7 45. Qg5+ Kf8 46. Qh6+ Ke7 47. Qg5+
1/2-1/2

[Event "83rd ESP-ch Women-ch 2018"]
[Site "Linares"]
[Date "2018.08.26"]
[Round "7"]
[White "Ladron de Guevara Pinto, Paolo"]
[Black "Espinosa Aranda, Angel"]
[Result "0-1"]
[WhiteElo "2424"]
[BlackElo "2451"]
[Annotator "TA"]
[EventDate "2018.08.09"]
[PlyCount "60"]
[EventType "tourn"]
[EventCountry "ESP"]

1. e4 c5 2. Nf3 Nf6 3. e5 Nd5 4. Nc3 Nxc3 5. dxc3 Nc6 6. Bc4 e6 7. Bf4 h6
8. h4 Qc7 9. Qd2 b6 10. Bg3 Bb7 11. Qf4 $146 a6 12. a4 Ne7 13. Bd3 f5 14.
h5 g5 15. hxg6 $1 Nxg6 16. Qe3 c4 17. Be2 Bc5 18. Nd4 O-O-O 19. Bxc4 f4 20.
Bxf4 Nxf4 21. Qxf4 Rhg8 22. Bf1 d6 $2 23. Nxe6 $18 dxe5 24. Qh4 Qd6 25.
Nxd8 Rxd8 26. Qxh6 Qd5 27. b4 $4 Qe4+ 28. Be2 Bxf2+ $1 29. Kxf2 Qxg2+ 30.
Ke1 Qg3+ 0-1

[Event "83rd ESP-ch Women-ch 2018"]
[Site "Linares"]
[Date "2018.08.26"]
[Round "7"]
[White "Tejedor Fuente, Enrique"]
[Black "Orantes Taboada, Francisco"]
[Result "1-0"]
[WhiteElo "2408"]
[BlackElo "2242"]
[TimeControl "40/5400+30:1800+30"]
[Annotator "ChessBase"]
[EventDate "2018.08.09"]
[PlyCount "61"]
[EventType "tourn"]
[EventCountry "ESP"]

1. e4 c5 2. Nc3 Nc6 3. g3 g6 4. Bg2 Bg7 5. d3 d6 6. Be3 Rb8 7. Qd2 Qa5 8.
Nge2 Nf6 9. h3 Bd7 10. O-O O-O 11. a3 b5 12. b4 Qb6 13. Rab1 Nd4 14. bxc5
Nxe2+ 15. Qxe2 Qa5 16. Bd2 Qxa3 17. e5 dxe5 18. c6 Be8 19. Nxb5 Qa6 20. Nc7
Qc8 21. Qxe5 Ng4 22. Qxe7 Rxb1 23. Rxb1 Ne5 24. Nxe8 Rxe8 25. Qb7 Qf5 26.
Re1 Bf8 27. c7 Bc5 28. Be3 Bd6 29. d4 Nc4 30. Qc6 Qe6 31. Bd5 1-0

[Event "83rd ESP-ch Women-ch 2018"]
[Site "Linares"]
[Date "2018.08.26"]
[Round "7"]
[White "Suarez Uriel, Adrian"]
[Black "Rodriguez Perez, Angel Mariano"]
[Result "1/2-1/2"]
[WhiteElo "2391"]
[BlackElo "2223"]
[TimeControl "40/5400+30:1800+30"]
[Annotator "ChessBase"]
[EventDate "2018.08.09"]
[PlyCount "84"]
[EventType "tourn"]
[EventCountry "ESP"]

1. e4 c5 2. Nf3 d6 3. d4 cxd4 4. Nxd4 a6 5. c4 Nf6 6. Nc3 Nc6 7. Be2 Bd7 8.
Be3 g6 9. O-O Bg7 10. h3 O-O 11. Rc1 Nxd4 12. Bxd4 Bc6 13. Qd3 Nd7 14. b4
Bxd4 15. Qxd4 Qb6 16. Qxb6 Nxb6 17. c5 dxc5 18. bxc5 Nc8 19. f4 e6 20. f5
exf5 21. exf5 Ne7 22. f6 Nd5 23. Nxd5 Bxd5 24. Bf3 Bxf3 25. Rxf3 Rac8 26.
Rb3 Rc7 27. Rcb1 Rb8 28. Rb6 Rxc5 29. Rxa6 h6 30. Ra7 g5 31. Rb6 Rc6 32.
Rxc6 bxc6 33. a4 Rb2 34. a5 Ra2 35. a6 Kh7 36. Rxf7+ Kg6 37. Ra7 Kxf6 38.
Ra8 Kg7 39. a7 c5 40. Kf1 c4 41. Ke1 c3 42. Rc8 Rxa7 1/2-1/2

[Event "83rd ESP-ch Women-ch 2018"]
[Site "Linares"]
[Date "2018.08.26"]
[Round "7"]
[White "Bernabeu Lopez, Carlos Javier"]
[Black "Anton Guijarro, David"]
[Result "1/2-1/2"]
[WhiteElo "2360"]
[BlackElo "2652"]
[Annotator "TA"]
[EventDate "2018.08.09"]
[PlyCount "61"]
[EventType "tourn"]
[EventCountry "ESP"]

1. e4 g6 2. d4 Bg7 3. Nc3 d6 4. Nf3 Nf6 5. Be2 O-O 6. O-O Nc6 7. h3 a6 8.
d5 Nb8 9. Re1 b5 $146 10. Bf1 c6 11. dxc6 Nxc6 12. Nd5 Nd7 13. a3 Nc5 14.
c3 Bb7 15. Bg5 h6 16. Bf4 Ne5 17. Nxe5 dxe5 18. Be3 $1 Nxe4 19. Nb6 Qxd1
20. Raxd1 Rad8 21. Nd7 Rfe8 22. Bb6 Rc8 23. f3 Nf6 24. Nxe5 Nd5 25. Bf2 e6
26. Nd7 Bc6 27. Ne5 Bb7 28. Nd7 Rc7 29. Nc5 Rec8 30. Nxb7 Rxb7 31. Bd3
1/2-1/2

[Event "83rd ESP-ch Women-ch 2018"]
[Site "Linares"]
[Date "2018.08.26"]
[Round "7"]
[White "Sanchez Aller, Fernando"]
[Black "Arroyo Rodriguez, Jesus"]
[Result "1-0"]
[WhiteElo "2345"]
[BlackElo "2099"]
[TimeControl "40/5400+30:1800+30"]
[Annotator "ChessBase"]
[EventDate "2018.08.09"]
[PlyCount "51"]
[EventType "tourn"]
[EventCountry "ESP"]

1. e4 c5 2. Nc3 g6 3. d4 Bg7 4. dxc5 Qa5 5. Bd2 Qxc5 6. Nd5 Na6 7. Bxa6
bxa6 8. Nf3 Rb8 9. O-O e6 10. Be3 Qa5 11. Bd4 f6 12. Re1 exd5 13. exd5+ Kf7
14. Qe2 Qd8 15. d6 Bb7 16. Qc4+ Kf8 17. Bc5 Rc8 18. Re7 Nh6 19. Nd4 f5 20.
Ne6+ dxe6 21. Rxb7 Rxc5 22. Qxc5 Nf7 23. Rd1 Bf6 24. Qc7 Qe8 25. d7 Qe7 26.
d8=Q+ 1-0

[Event "83rd ESP-ch Women-ch 2018"]
[Site "Linares"]
[Date "2018.08.26"]
[Round "7"]
[White "Alshameary Puente, Ismael"]
[Black "Moreno Ruiz, Javier"]
[Result "1/2-1/2"]
[WhiteElo "2343"]
[BlackElo "2450"]
[Annotator "TA"]
[EventDate "2018.08.09"]
[PlyCount "103"]
[EventType "tourn"]
[EventCountry "ESP"]

1. d4 Nf6 2. c4 e6 3. Nf3 Bb4+ 4. Nc3 c5 5. Bg5 h6 6. Bd2 cxd4 7. Nxd4 Nc6
8. e3 O-O 9. Be2 d5 10. Nxc6 bxc6 11. O-O a5 $146 12. Rc1 Ba6 13. cxd5 cxd5
14. Bxa6 Rxa6 15. Qe2 Ra8 16. f3 Qb8 17. Rc2 Rd8 18. Rfc1 d4 19. exd4 Rxd4
20. Be3 Rd7 21. Na4 Nd5 22. Bf2 Bd6 23. g3 Qb7 24. a3 Qb3 25. Nc5 Bxc5 $1
26. Rxc5 Nf6 27. Kg2 Rad8 28. R1c2 a4 29. R5c3 Qb7 30. Rc4 Qa6 31. Rb4 Qa8
32. Rb6 Rd3 33. Rbc6 Rd2 34. Rxd2 Rxd2 35. Qxd2 Qxc6 36. Qd8+ Kh7 37. Qd3+
g6 38. Qd8 Nd7 39. Qe8 $36 Kg7 40. Bd4+ f6 41. Bc3 e5 42. h4 h5 43. Bd2 Qd5
44. Qe7+ $16 Qf7 45. Qd6 Nf8 $1 $11 46. Qb4 Qd7 47. Be3 Ne6 48. b3 axb3 49.
Qxb3 Nd4 50. Qd3 Qd5 51. Bxd4 exd4 52. Kf2 1/2-1/2

[Event "83rd ESP-ch Women-ch 2018"]
[Site "Linares"]
[Date "2018.08.26"]
[Round "7"]
[White "Lianes Garcia, Marcos"]
[Black "Merario Alarcon, Andres"]
[Result "1/2-1/2"]
[WhiteElo "2340"]
[BlackElo "2406"]
[TimeControl "40/5400+30:1800+30"]
[Annotator "ChessBase"]
[EventDate "2018.08.09"]
[PlyCount "44"]
[EventType "tourn"]
[EventCountry "ESP"]

1. d4 d5 2. c4 e6 3. Nc3 Nf6 4. cxd5 exd5 5. Bg5 c6 6. e3 Bd6 7. Bd3 O-O 8.
Qc2 h6 9. Bh4 Re8 10. Nge2 a5 11. O-O Bxh2+ 12. Kxh2 Ng4+ 13. Kg3 g5 14.
Bf5 gxh4+ 15. Kh3 Rxe3+ 16. fxe3 Nxe3 17. Qd3 Qg5 18. Bxc8 Qxg2+ 19. Kxh4
Qg5+ 20. Kh3 Qg2+ 21. Kh4 Qg5+ 22. Kh3 Qg2+ 1/2-1/2

[Event "83rd ESP-ch Women-ch 2018"]
[Site "Linares"]
[Date "2018.08.26"]
[Round "7"]
[White "Domingo Nunez, Ruben"]
[Black "Garza Marco, Sergio"]
[Result "1-0"]
[WhiteElo "2318"]
[BlackElo "2414"]
[Annotator "TA"]
[EventDate "2018.08.09"]
[PlyCount "113"]
[EventType "tourn"]
[EventCountry "ESP"]

1. e4 c6 2. Nc3 d5 3. Nf3 a6 4. d4 Bg4 5. Be2 e6 6. h3 Bh5 7. g4 $146 Bg6
$1 8. exd5 cxd5 9. h4 Nc6 10. h5 Be4 $1 11. Rh3 h6 12. Be3 Bb4 $15 13. Nd2
Bh7 $1 14. a3 Bd6 15. Nb3 Qc7 16. Qd2 Nge7 17. Nc1 Na5 $17 18. Bd3 Nc4 19.
Bxc4 $1 $15 Qxc4 20. Nd3 Qc7 21. f4 Nc8 22. f5 $1 $11 Nb6 23. Bf4 O-O-O 24.
Bxd6 Rxd6 25. O-O-O exf5 26. Qg2 Re8 27. g5 Kb8 28. gxh6 $16 gxh6 29. Qg7
Bg8 30. Rg1 Nc4 31. Qh8 $18 Rdd8 32. Rhg3 Qc8 33. Nf4 Ne3 $2 34. Rxg8 $1
Rxg8 35. Rxg8 Rxg8 36. Qe5+ Ka7 37. Qxe3 Qc4 38. Qf2 Rd8 39. Kd2 Re8 40. b3
Qc6 41. Ncxd5 Qd6 42. a4 Re4 43. Kc3 Qa3 44. Qf1 Re8 45. Nd3 Rd8 46. Ne3
Rc8+ 47. Kd2 Qd6 48. d5 Qh2+ 49. Qe2 Qh3 50. d6 f4 51. Nxf4 Qh4 52. Nd3 b5
53. axb5 Qg5 54. Qf3 axb5 55. Qxf7+ Kb6 56. Qe6 Rc6 57. Nb4 1-0

[Event "83rd ESP-ch Women-ch 2018"]
[Site "Linares"]
[Date "2018.08.26"]
[Round "7"]
[White "Balbuena Fuentes, Mario"]
[Black "Gil Quilez, Sonia"]
[Result "1-0"]
[WhiteElo "2306"]
[BlackElo "2066"]
[TimeControl "40/5400+30:1800+30"]
[Annotator "ChessBase"]
[EventDate "2018.08.09"]
[PlyCount "85"]
[EventType "tourn"]
[EventCountry "ESP"]

1. e4 e5 2. Nf3 Nc6 3. Bb5 a6 4. Ba4 Nge7 5. c3 g6 6. O-O Bg7 7. d4 exd4 8.
cxd4 b5 9. Bc2 O-O 10. d5 Na5 11. Bd2 Nc4 12. Bc3 Nxb2 13. Qe2 Nc4 14. Bxg7
Kxg7 15. Nc3 Nb6 16. Qe3 d6 17. Nd4 Bd7 18. f4 Nc4 19. Qg3 c5 20. Nde2 f5
21. e5 b4 22. e6 Be8 23. Na4 Qa5 24. Bb3 Nd2 25. Nb2 Nxf1 26. Qh4 Qc7 27.
Rxf1 Bb5 28. Re1 a5 29. Bc4 Bxc4 30. Nxc4 Ra6 31. Ng3 Re8 32. Qg5 Kg8 33.
Ne3 Rf8 34. Nexf5 Ra7 35. Nh6+ Kh8 36. f5 Ng8 37. Nxg8 Kxg8 38. e7 Re8 39.
f6 Kf7 40. Nf5 Rf8 41. exf8=Q+ Kxf8 42. Qh6+ Kg8 43. Re8+ 1-0

[Event "83rd ESP-ch Women-ch 2018"]
[Site "Linares"]
[Date "2018.08.26"]
[Round "7"]
[White "Moral Garcia, Serafin"]
[Black "Kolotilina, Liudmila"]
[Result "0-1"]
[WhiteElo "2287"]
[BlackElo "2216"]
[TimeControl "40/5400+30:1800+30"]
[Annotator "ChessBase"]
[EventDate "2018.08.09"]
[PlyCount "104"]
[EventType "tourn"]
[EventCountry "ESP"]

1. e4 c5 2. Nf3 Nf6 3. Nc3 d5 4. exd5 Nxd5 5. Bb5+ Bd7 6. Ne5 Nf6 7. Bc4 e6
8. O-O Nc6 9. Nxc6 Bxc6 10. d3 Bd6 11. Qe2 Qc7 12. h3 a6 13. a4 O-O-O 14.
Ne4 Be7 15. Ng5 Be8 16. Nf3 Nd5 17. Bg5 Kb8 18. Bxe7 Nxe7 19. Qe5 Qxe5 20.
Nxe5 f6 21. Ng4 e5 22. f4 exf4 23. Rxf4 Nc6 24. Ne3 Nd4 25. Rf2 Bg6 26. Rd2
Rhe8 27. Kf2 Re5 28. c3 Nc6 29. a5 Bh5 30. Nc2 Re7 31. d4 cxd4 32. Nxd4
Nxd4 33. Rxd4 Rxd4 34. cxd4 Re4 35. Re1 Rxd4 36. Bg8 Rd2+ 37. Kg3 Rxb2 38.
Re7 Rb5 39. Bxh7 Rxa5 40. Be4 Rb5 41. Kh4 Bd1 42. Rxg7 Rb4 43. g4 Rxe4 44.
Rf7 Re6 45. Kg3 a5 46. h4 a4 47. Rd7 Bc2 48. Rd2 Rc6 49. Rd8+ Ka7 50. Rd5
a3 51. Ra5+ Ra6 52. Rc5 Bb1 0-1

[Event "83rd ESP-ch Women-ch 2018"]
[Site "Linares"]
[Date "2018.08.26"]
[Round "7"]
[White "Tudela Corbalan, Carlos"]
[Black "Vega Gutierrez, Sabrina Neide"]
[Result "0-1"]
[WhiteElo "2246"]
[BlackElo "2390"]
[TimeControl "40/5400+30:1800+30"]
[Annotator "ChessBase"]
[EventDate "2018.08.09"]
[PlyCount "40"]
[EventType "tourn"]
[EventCountry "ESP"]

1. c4 e5 2. Nc3 Nf6 3. e3 Nc6 4. Nf3 Bb4 5. d4 e4 6. Nd2 Bxc3 7. bxc3 d6 8.
Be2 O-O 9. O-O Re8 10. Nb3 Ne7 11. c5 d5 12. c4 Nf5 13. Bd2 Nh4 14. Rb1
dxc4 15. Na5 Qd5 16. Kh1 Qg5 17. Rg1 Ng4 18. Be1 Nxh2 19. f4 Qh6 20. g4
Nxg4 0-1